Т. II; Всероссийский электротехнический конгресс с международным участием "На рубеже веков: итоги и перспективы" ВЭЛК - 99

Bibliographische Detailangaben
Parent link:Всероссийский электротехнический конгресс с международным участием "На рубеже веков: итоги и перспективы" ВЭЛК - 99: тезисы/ Академия электротехнических наук Российской Федерации (АЭН РФ) ; Научно-техническая компания "Петровка" ; Всероссийский электротехнический конгресс с международным участием "На рубеже веков: итоги и перспективы" ВЭЛК - 99. Т. II.— , 1999-
Sprache:Russisch
Veröffentlicht: 1999
Schlagworte:
Format: Buch
KOHA link:https://koha.lib.tpu.ru/cgi-bin/koha/opac-detail.pl?biblionumber=14697

MARC

LEADER 00000nam2a2200000 4500
001 14697
005 20231030185805.0
010 |a 5874440892 
035 |a (RuTPU)RU\TPU\book\14795 
035 |a BOOK00014864 
090 |a 14697 
100 |a 20011209d1999 k y0rusy50 ca 
101 0 |a rus 
102 |a RU 
105 |a y z 100zy 
200 0 |a Т. II 
210 |d 1999 
215 |a С. 295-577 
461 1 |0 (RuTPU)RU\TPU\book\290392  |t Всероссийский электротехнический конгресс с международным участием "На рубеже веков: итоги и перспективы" ВЭЛК - 99  |o тезисы  |f Академия электротехнических наук Российской Федерации (АЭН РФ) ; Научно-техническая компания "Петровка" ; Всероссийский электротехнический конгресс с международным участием "На рубеже веков: итоги и перспективы" ВЭЛК - 99  |v Т. II  |d 1999- 
610 1 |a электротехника 
610 1 |a конгрессы 
610 1 |a тезисы 
610 1 |a авиакосмическая техника 
610 1 |a электротехнические материалы 
610 1 |a кабельная техника 
610 1 |a диагностика 
610 1 |a безопасность 
610 1 |a электрофизические устройства 
610 1 |a сверхпроводящие устройства 
610 1 |a светотехника 
610 1 |a телекоммуникации 
675 |a 621.3(063)  |v 3 
801 0 |a RU  |b 63413507  |c 20011209  |g PSBO 
801 2 |a RU  |b 63413507  |c 20140728  |g PSBO 
942 |c BK